[Event "Remote email"]
[Site "Remote email"]
[Date "2014.08.24"]
[Round "?"]
[White "Dingeldey, Silke"]
[Black "Hopp, Christian"]
[Result "1-0"]
[WhiteElo "1683"]
[BlackElo "1523"]
[PlyCount "79"]
[EventDate "2014.??.??"]
[EventType "tourn (corr)"]
[EventRounds "6"]
[EventCountry "GER"]
[SourceTitle "Corr 2015"]
[Source "ChessBase"]
[SourceDate "2015.07.17"]
[SourceVersion "1"]
[SourceVersionDate "2015.07.17"]
[SourceQuality "1"]

1. c4 d5 2. Qb3 Nf6 3. d4 c6 4. cxd5 cxd5 5. Qb5+ Nc6 6. Bg5 a6 7. Qb3 Nxd4 8. Qa4+ Nd7 9. Qxd4 Qa5+ 10. Nc3 e6 11. 0-0-0 h6 12. Bxh6 Rxh6 13. Nf3 Bc5 14. Qxg7 Rf6 15. e4 Bf8 16. Qh8 Nb6 17. Qxf6 Be7 18. Qh8+ Kd7 19. Ne5+ Kd6 20. Nxf7+ Kc7 21. g3 Bd7 22. Qe5+ Bd6 23. Qxd6+ Kc8 24. Bg2 Nc4 25. Qf8+ Kc7 26. Qxa8 Nxb2 27. Kxb2 Qb6+ 28. Kc2 d4 29. Qd8+ Kc6 30. e5+ Kc5 31. Na4+ Bxa4+ 32. Kd3 Qb5+ 33. Ke4 Bc2+ 34. Kf4 d3 35. Qd6+ Kc4 36. Qxe6+ Kc3 37. Nd6 Qa4+ 38. Ne4+ Kb2 39. Qb6+ Kxa2 40. Ra1# 1-0

[Event "Remote email"]
[Site "Remote email"]
[Date "2014.04.19"]
[Round "?"]
[White "Dingeldey, Silke"]
[Black "Bommert, Nora"]
[Result "1-0"]
[WhiteElo "1683"]
[BlackElo "1569"]
[PlyCount "51"]
[EventDate "2014.??.??"]
[EventType "tourn (corr)"]
[EventRounds "6"]
[EventCountry "GER"]
[SourceTitle "Corr 2015"]
[Source "ChessBase"]
[SourceDate "2015.07.17"]
[SourceVersion "1"]
[SourceVersionDate "2015.07.17"]
[SourceQuality "1"]

1. c4 e5 2. e4 Nf6 3. Nc3 c5 4. Qa4 a5 5. Nf3 Nc6 6. d3 Nb4 7. Nxe5 Qe7 8. Bf4 g6 9. h4 Nh5 10. g3 f6 11. Nf3 Bg7 12. Bh3 0-0 13. 0-0-0 Nc6 14. Nd5 Qf7 15. Qb5 Nxf4 16. Rhe1 Nxh3 17. Qxc5 Nb4 18. Ne7+ Kh8 19. e5 Nxa2+ 20. Kd2 fxe5 21. Nxe5 Nxf2 22. Nxf7+ Rxf7 23. Ra1 Nb4 24. Nxc8 Nbxd3 25. Re8+ Rf8 26. Rxf8+ 1-0

[Event "Remote email"]
[Site "Remote email"]
[Date "2012.08.24"]
[Round "?"]
[White "Lechner, Markus111111"]
[Black "Dingeldey, Silke"]
[Result "1-0"]
[WhiteElo "1976"]
[BlackElo "1696"]
[PlyCount "45"]
[EventDate "2012.??.??"]
[EventType "tourn (corr)"]
[EventRounds "6"]
[EventCountry "GER"]
[SourceTitle "Corr 2015"]
[Source "ChessBase"]
[SourceDate "2015.07.17"]
[SourceVersion "1"]
[SourceVersionDate "2015.07.17"]
[SourceQuality "1"]

1. d4 d5 2. Bf4 Bf5 3. Nc3 a6 4. Qd2 e6 5. 0-0-0 Nc6 6. e3 Bd6 7. Bd3 Nf6 8. Bxf5 exf5 9. Nf3 Na5 10. Nxd5 Nc4 11. Qc3 b5 12. Nxf6+ Qxf6 13. Bg5 Qg6 14. Rhe1 0-0 15. h4 h6 16. Bf4 Qxg2 17. Ne5 Bxe5 18. dxe5 Qxf2 19. h5 g5 20. hxg6 h5 21. Bh6 Rfe8 22. e6 Rxe6 23. Qg7# 1-0